000 00456nam a2200145Ia 4500
008 100204s9999 xx 000 0 und d
082 _b8431
100 _aबोरकर बालकृष्ण भगवंत
245 _aभाविण
260 _b"बांदोडकर पब्लिशिंग हाऊस, गोवा"
_c1986 2
300 _a208
630 _aभाविण
730 _aभाविण
942 _cBOOK
999 _c452867
_d452864